LEADER 00992nam a2200229 a 4500 001 000000123532 003 CaOOAMICUS 005 20101026115357.0 008 101026s2010 it m 001 u ita d 040 $aPUG$bita$dfs$dPUL 100 1 $aPiazzolla, Francesco.$0(OLS)http://pul/name/77498 245 13$aLe sette beatitudini dell'Apocalisse :$bstudio esegetico e teologico-biblico /$cFrancesco Piazzolla. 260 $aRoma :$b[s.n.],$c2010. 300 $a463 p.$c24 cm 502 $aEstratto della dissertazione per il Dottorato in S.Teologia--Pontificia Universitas Gregoriana, 2010. 504 $aBibliografia (p. [427]-456) e indice. 850 $aPUL 852 $aPUL$W1$xDP1 Tesi Pon. Univ. Gregoriana$y40$m2010 B 17$j142203$qTesi$B141185$CPULBib$Z2$F141185 $82 941 1 $a16 996 $6245$aLe sette beatitudini dell'Apocalisse :$bstudio esegetico e teologico-biblico$9(OLS)http://pul/title/155234 996 $6260$aRoma :$b[s.n.]$9(OLS)http://pul/publisher/47958 LEADER 01546nam a2200313 u 4500 001 000000073211 003 CaOOAMICUS 005 20070226122327.0 008 020627s1995 it a u000 u ita u 020 $a8886495323 035 $a10935114 040 $aPUL$bita 100 1 $aCharbonneau-Lassay, Louis,$d1871-1947.$0(OLS)http://pul/name/48459 245 13$aIl giardino del Cristo ferito :$bil vulnerario e il florario del Cristo : duecento figure incise su legno dall'Autore /$cLouis Charbonneau-Lassay ; a cura di PierLuigi Zoccatelli ; introd. di Stefano Salzani e PierLuigi Zoccatelli ; trad. di Silvestra Palamidessi. 260 $aRoma :$bArkeios,$c1995. 300 $a275 p. :$bill. ;$c24 cm 490 1 $aLa via dei simboli 504 $aBibliografia in nota. 650 4$aSimbolismo cristiano.$0(OLS)http://pul/subject/2212 700 1 $aZoccatelli, Pierluigi.$0(OLS)http://pul/name/48471 700 1 $aPalamidessi, Silvestra.$0(OLS)http://pul/name/48460 830 3$aLa via dei simboli.$0(OLS)http://pul/title/48499 850 $aPUL 852 $aPUL$W1$xSL Cons. Gen., Altre Classi 1$y1$m2004 D $j65611$nBK-PRI$b $qStampati$B94631$CPULBib$Z2$F94631 $H $81 941 1 $a8 961 $aINV: 73807 996 $6020$a8886495323$9(OLS)http://pul/number/94452 996 $6245$aIl giardino del Cristo ferito :$bil vulnerario e il florario del Cristo : duecento figure incise su legno dall'Autore$9(OLS)http://pul/title/96246 996 $6260$aRoma :$bArkeios$9(OLS)http://pul/publisher/58291